000 01122nam2a2200301 4500
001 RU\NLR\bibl\304276
005 20250620150046.0
021 _aRU
_b2002-23023
_91154
035 _a(NLR Aleph) 000299450
090 _a1754356
_c1754356
100 _a20020904d2002 |||y0rusy50 ca
101 0 _arus
102 _aRU
105 _ay |||||||||
200 0 _a... за 2001 год
210 _d2002
_aБ. м.
215 _a95 с.
461 0 _1001RU\NLR\bibl\313441
_12001#$aДекларирование доходов физических лиц ...$v... за 2001 год
_926945
_cТюмень
_d2002
_fМ-во Рос. Федерации по налогам и сборам
_nАкад.
_tДекларирование доходов физических лиц ...
_v... за 2001 год
610 0 _aНалоговые декларации - Оформление
675 _a336.226.1
_v3
_zrus
686 _a06.75
_2rugasnti
686 _a65.261.4
_2rubbk
801 0 _aRU
_bRKP
_c20020904
_gPSBO
801 1 _aRU
_bRKP
_c20020904
801 2 _aRU
_bNLR
_c20021031
_grcr
942 _cBOOK
980 _aNB